000
00210 a2200097 4500
001
92153
082
_a
810 WHI
090
_c
44114
_d
44113
100
_a
John S. Whitley
245
_a
Lord of Flies
_c
John S. Whitley
942
_a
CAE NUST
_k
810 WHI
999
_c
327226
_d
327226